MEZIODENS V ČEĽUSTI MLADEJ ŽENY ZO STARŠEJ DOBY BRONZOVEJ V NIŽNEJ MYŠLI (SLOVENSKO)

Bibliographic Details
Main Author: Jakab, Július, 1948- (Author)
Format: Article
Language:Slovak

MARC

LEADER 00000nab a2200000 a 4500
001 vtls011117889
003 SK-MaSNL
005 20260303145319.0
008 230222|2007 xo |||||||||||||||||slo|
015 |a SNBRB 
035 |a (uuid)d92d9a81-1ab9-4c8a-9433-676edd29dd9e 
035 |a (urnnbn)urn:nbn:sk:snk:ar-a08m54 
035 |a urn:nbn:sk:snk-ab9o7y 
040 |a SNKBUCL  |b slo  |c SNKBUCL  |e AACR2 
041 0 |a slo 
044 |a xo  |c SK 
100 1 |a Jakab, Július,  |d 1948-  |4 aut  |9 102643 
245 1 0 |a MEZIODENS V ČEĽUSTI MLADEJ ŽENY ZO STARŠEJ DOBY BRONZOVEJ V NIŽNEJ MYŠLI (SLOVENSKO)  |c Július Jakab 
773 0 |t Slovenská antropológia : bulletin Slovenskej antropologickej spoločnosti pri SAV  |g Roč. 10, č. 2 (2007), s. 22-28 
954 |a odborná, vedecká literatúra pôvodná (slovenská)  |2 lita 
958 |a OND 
958 |a EUIPO 
958 |a article13 
999 |c 2002133  |d 2004063